Ca dao Nam Trung bộ
Ca dao. Những thể loại có liên quan đến ca dao.
שמור ב:
| מחבר ראשי: | |
|---|---|
| מחברים אחרים: | |
| פורמט: | ספר |
| שפה: | Vietnamese |
| יצא לאור: |
Tp.HCM
Nxb. Tổng hợp Tp.HCM
2015
|
| נושאים: | |
| תגים: |
הוספת תג
אין תגיות, היה/י הראשונ/ה לתייג את הרשומה!
|
| Thư viện lưu trữ: | Mạng thư viện Đại học Đà Nẵng |
|---|
| LEADER | 01223nam a2200337 4500 | ||
|---|---|---|---|
| 001 | 000024087 | ||
| 003 | 20566 | ||
| 005 | 20161011101017.0 | ||
| 008 | 161006s2015 viesd | ||
| 020 | |a 9786045832097 |c 120000đ | ||
| 041 | 0 | |a vie | |
| 082 | 1 | 4 | |a 398.8095975 |b TH-P |
| 100 | 1 | |a Thạch Phương | |
| 245 | 1 | 0 | |a Ca dao Nam Trung bộ |c Thạch Phương, Ngô Quang Hiển sưu tầm, tuyển chọn. |
| 260 | |a Tp.HCM |b Nxb. Tổng hợp Tp.HCM |c 2015 | ||
| 300 | |a 414 tr. |c 24 cm. | ||
| 520 | 3 | |a Ca dao. Những thể loại có liên quan đến ca dao. | |
| 650 | 0 | 4 | |a Văn học dân gian |z Việt Nam (Nam Trung bộ) |
| 653 | |a Ca dao Việt Nam | ||
| 653 | |a Nam Trung bộ | ||
| 700 | 1 | |a Ngô Quang Hiển |e sưu tầm, tuyển chọn | |
| OWN | |a LSP | ||
| AVA | |a UDN50 |b LSP |d 398.8095975 TH-P |e available |t Error 5001 Not defined in file expand_doc_bib_avail. |f 4 |g 0 |h N |i 1 |k 1 | ||
| 999 | |a From the UDN01 | ||
| AVA | |a UDN50 |b LSP |d 398.8095975 TH-P |e available |t Error 5001 Not defined in file expand_doc_bib_avail. |f 4 |g 0 |h N |i 1 |k 1 | ||
| TYP | |a Monograph | ||
| TYP | |a Printed language | ||
| 980 | |a Mạng thư viện Đại học Đà Nẵng | ||


